Ratifikácia "Kjóta" otvára nový finančný trh

Trh s emisiami - nový medzinárodný finančný trh. Obchod s emisnými kreditmi. Tvorba nových investičných fondov na nákup emisných kreditov. Predpoklady rastu trhu pre obchodovanie s emisiami. Najväčší producenti skleníkových plynov. Aktivity jednotlivých štátov na medzinárodnom trhu s emisiami. Rast...

Ausführliche Beschreibung

Gespeichert in:
Bibliographische Detailangaben
1. Verfasser: Pálková, Dana
Format: Buchkapitel
Sprache:Slowakisch
Schlagworte:
Tags: Tag hinzufügen
Keine Tags, Fügen Sie das erste Tag hinzu!

MARC

LEADER 00000naa$a2200000$$$4500
001 0022488
005 20231004124832.3
041 0 |a slo 
044 |a SK 
245 1 0 |a Ratifikácia "Kjóta" otvára nový finančný trh  |c Dana Pálková 
520 |a Trh s emisiami - nový medzinárodný finančný trh. Obchod s emisnými kreditmi. Tvorba nových investičných fondov na nákup emisných kreditov. Predpoklady rastu trhu pre obchodovanie s emisiami. Najväčší producenti skleníkových plynov. Aktivity jednotlivých štátov na medzinárodnom trhu s emisiami. Rast cien eurokreditov po ratifikácii Kjótskeho protokolu Ruskom. 
610 2 0 |a zmluvy medzinárodné 
610 2 0 |a Kjótsky protokol 
610 2 0 |a trh finančný medzinárodný 
610 2 0 |a obchod medzinárodný 
610 2 0 |a prostredie životné 
610 2 0 |a podnik 
610 2 0 |a ekologizácia 
610 2 0 |a emisie 
610 2 0 |a emitenti 
610 2 0 |a USA 
610 2 0 |a Kanada 
610 2 0 |a Európska únia 
610 2 0 |a Rusko 
100 1 |a Pálková, Dana